| 000 | 00470nam a22001577a 4500 | ||
|---|---|---|---|
| 008 | 141003b xxu||||| |||| 00| 0 alb d | ||
| 020 | _a9951450503 | ||
| 041 | 0 | _aalb | |
| 080 | _a354.1 | ||
| 100 | 1 | _aAzemi, Azem; | |
| 245 |
_aPasqyrë e punës: _c[E përgatiti Azem Azemi]. |
||
| 260 |
_aPrishtinë: _bMinistria e Arsimit, e Shkencës dhe e Teknologjisë, _c2004. |
||
| 300 |
_a112 f. : _bme il me ngjyra ; _c22 cm. |
||
| 650 | _aPunë | ||
| 942 |
_2udc _cBK |
||
| 999 |
_c512 _d512 |
||